000
00325nam a22001457a 4500
003
OSt
005
20160727222420.0
008
160627b xxu||||| |||| 00| 0 eng d
040
_c
TEST
100
_9
1250
_a
Wallechinsky, D
245
_a
Olympics
260
_a
NEW YORK
_b
PENQIUN
_c
1988
300
_a
Olympics
942
_2
ddc
_c
BK
999
_c
1024
_d
1024